000 003900000a22001570004500
001 004545
003 MACL
040 _aMACL
090 _c16538
_d16537
100 _aMohanraj, V.M
245 _aThe Warrior And The Charioteer
_bA Materialist Intertation Of The Bhagavadgita
_cV.M Mohanraj
260 _aLeft World Books,
_c2005
350 _a350
650 _aReligion
942 _k295
_cBook
999 _c16434
_d16434